[Event "TUR-ch (Women)"]
[Site "Aksu"]
[Date "2017.03.09"]
[Round "6"]
[White "Boy, Melike"]
[Black "Demir, Nazlihan Seyma"]
[Result "1-0"]
[WhiteElo "1217"]
[BlackElo "1317"]
[PlyCount "95"]
[EventDate "2017.03.06"]
[EventType "swiss"]
[EventRounds "9"]
[EventCountry "TUR"]
[SourceTitle "CBM 177 Extra"]
[Source "ChessBase"]
[SourceDate "2017.04.27"]
[SourceVersion "1"]
[SourceVersionDate "2017.04.27"]
[SourceQuality "1"]

1. e4 e5 2. Nf3 Nc6 3. Bb5 Nf6 4. d3 Bc5 5. 0-0 0-0 6. c3 a6 7. Ba4 Be7 8. Re1 d5 9. exd5 Qxd5 10. Bb3 Qd8 11. Nxe5 Nxe5 12. Rxe5 Ng4 13. Re1 Qd6 14. g3 Rd8 15. Bf4 Qxd3 16. Qxd3 Rxd3 17. Rxe7 h6 18. Re8+ Kh7 19. Bc2 g6 20. Bxd3 Nf6 21. Re7 Be6 22. Nd2 Rd8 23. Bc4 Bxc4 24. Nxc4 Kg7 25. Ne5 Rf8 26. Nd7 Nxd7 27. Rxd7 g5 28. Be5+ Kg6 29. Re1 Re8 30. Kf1 b5 31. Rxc7 f6 32. Rc6 a5 33. Rxf6+ Kh7 34. Rb6 a4 35. Rd1 Kg8 36. Rb8 Rxb8 37. Bxb8 Kf7 38. Rd5 Kg6 39. Rxb5 Kh5 40. Kg2 Kg6 41. c4 Kf6 42. c5 g4 43. c6 h5 44. c7 h4 45. gxh4 Kg6 46. c8Q Kh6 47. Qe6+ Kg7 48. Rb7+ 1-0

[Event "TUR-ch (Women)"]
[Site "Aksu"]
[Date "2017.03.08"]
[Round "5"]
[White "Akkoyun, Olcay"]
[Black "Demir, Nazlihan Seyma"]
[Result "0-1"]
[WhiteElo "1240"]
[BlackElo "1317"]
[PlyCount "132"]
[EventDate "2017.03.06"]
[EventType "swiss"]
[EventRounds "9"]
[EventCountry "TUR"]
[SourceTitle "CBM 177 Extra"]
[Source "ChessBase"]
[SourceDate "2017.04.27"]
[SourceVersion "1"]
[SourceVersionDate "2017.04.27"]
[SourceQuality "1"]

1. e4 e5 2. Nf3 Nc6 3. d3 Bb4+ 4. c3 Ba5 5. Be2 Nf6 6. Bg5 0-0 7. 0-0 d6 8. Nbd2 Bb6 9. d4 exd4 10. cxd4 Nxd4 11. Nxd4 Bxd4 12. Nf3 Bxb2 13. Rb1 Ba3 14. Nd2 Qe7 15. Rb3 Bc5 16. Bc4 Qe5 17. Nf3 Qxe4 18. Nd2 Qc6 19. Bxf6 gxf6 20. Re1 b6 21. Rg3+ Kh8 22. Bd3 Bb7 23. Qh5 Bxf2+ 24. Kxf2 Qc5+ 25. Qxc5 dxc5 26. Ree3 Rg8 27. Re7 Rxg3 28. hxg3 Rd8 29. Ke3 Kg7 30. Rxc7 Bxg2 31. Rxa7 h5 32. Nc4 b5 33. Na5 c4 34. Bf5 c3 35. Rc7 b4 36. Rc4 Rd2 37. Nb3 Rxa2 38. Rxb4 Bf1 39. Nc1 Ra1 40. Ne2 Ra3 41. Kf2 Bxe2 42. Kxe2 c2 43. Rc4 Rxg3 44. Rxc2 h4 45. Kf2 Rg5 46. Rc5 h3 47. Rc3 Rxf5+ 48. Rf3 h2 49. Kg2 Rxf3 50. Kxh2 Rb3 51. Kg2 f5 52. Kf2 f4 53. Ke2 f3+ 54. Kf2 f5 55. Kf1 Kg6 56. Kf2 Kg5 57. Ke1 Kg4 58. Kf2 Rb2+ 59. Ke3 f2 60. Kd3 f1Q+ 61. Kc3 Qc1+ 62. Kd4 Rd2+ 63. Ke5 Qc5+ 64. Kf6 Rd6+ 65. Kf7 Qc7+ 66. Kf8 Rd8# 0-1

[Event "TUR-ch (Women)"]
[Site "Aksu"]
[Date "2017.03.07"]
[Round "2"]
[White "Demir, Nazlihan Seyma"]
[Black "Yalcin, Sudenaz"]
[Result "0-1"]
[WhiteElo "1317"]
[BlackElo "1171"]
[PlyCount "126"]
[EventDate "2017.03.06"]
[EventType "swiss"]
[EventRounds "9"]
[EventCountry "TUR"]
[SourceTitle "CBM 177 Extra"]
[Source "ChessBase"]
[SourceDate "2017.04.27"]
[SourceVersion "1"]
[SourceVersionDate "2017.04.27"]
[SourceQuality "1"]

1. e4 c5 2. Bc4 Nc6 3. Qf3 Ne5 4. Qc3 Nxc4 5. Qxc4 b6 6. Nf3 Bb7 7. Ng5 e6 8. d3 Be7 9. h4 h6 10. Nf3 Nf6 11. 0-0 0-0 12. Nc3 d5 13. exd5 Nxd5 14. Qg4 Nf6 15. Qg3 Bd6 16. Bf4 Bxf4 17. Qxf4 Nd5 18. Nxd5 Bxd5 19. c4 Bxf3 20. Qxf3 Qxh4 21. Rae1 Qd4 22. b3 Rfd8 23. Re3 Qf6 24. Qxf6 gxf6 25. Rg3+ Kh7 26. Re1 Rg8 27. Rf3 f5 28. Ree3 Rad8 29. Rf4 Rd4 30. Rxd4 cxd4 31. Rg3 Rxg3 32. fxg3 Kg6 33. Kf2 Kg5 34. Kf3 e5 35. b4 Kf6 36. c5 h5 37. cxb6 axb6 38. a4 Ke6 39. a5 bxa5 40. bxa5 Kd7 41. Ke2 Kc6 42. Kf1 Kb5 43. Kg1 e4 44. dxe4 fxe4 45. Kf2 f5 46. Ke2 Kxa5 47. Kf2 Kb4 48. Ke2 Kc3 49. Kd1 Kd3 50. Ke1 Kc2 51. Ke2 d3+ 52. Ke3 d2 53. Kf4 d1Q 54. Kxf5 Qg4+ 55. Ke5 Qxg3+ 56. Kxe4 Qg4+ 57. Ke5 Kd3 58. Kf6 Qe4 59. Kg5 Kd4 60. Kxh5 Qxg2 61. Kh4 Ke4 62. Kh5 Kf5 63. Kh6 Qg6# 0-1